000 00854nam a2200241 i 4500
001 C2-0306739
003 PPAK
005 20180728093126.0
008 101215s2010 my a|||| ||||| | may d
020 _a9789675997051 ; 9675997052
040 _aPPAK
_beng
_cPPAK
_erda
082 0 4 _a305.409595
_223
090 0 0 _a305.409595
_bJAM
_dR
100 0 _aJamilah Ariffin,
_eauthor
245 1 0 _aHimpunan makalah wanita dan pembangunan di Malaysia :
_bsatu kesinambungan menyusuli perubahan selama empat dekad
264 1 _aPetaling Jaya, Selangor :
_bMPH Group Publishing ,
_c2010
300 _axxiv, 434 pages :
_bcolour illustrations ;
_c25 cm
336 _2rdacontent
_atext
337 _2rdamedia
_aunmediated
338 _2rdacarrier
_avolume
650 1 0 _aWomen in development - Malaysia. ; Women - Malaysia - Social conditions.
942 _ddc
_cB
999 _c109577
_d109577